Logo BPK

Biblioteka

Politechniki Koszalińskiej

Taki pejzaż. (Rekord nr 50108)

Szczegóły MARC
000 -ETYKIETA REKORDU
podpole kontrolne o stałej długości 00351ngm a2200133 i 4500
001 - NUMER KONTROLNY REKORDU
pole kontrolne bg
040 ## - ŹRÓDŁO KATALOGOWANIA
Instytucja, która utworzyła rekord BPK
041 ## - KOD JĘZYKA
Kod języka tekstu pol
008 - POLE O STAŁEJ DŁUGOŚCI - DANE KONTROLNE
podpole kontrolne o stałej długości s pl f |000 0 pol
100 1# - NAZWA OSOBOWA
Nazwa osobowa Roniewicz, Piotr.
245 00 - TYTUŁ/ODPOWIEDZIALNOŚĆ
Tytuł Taki pejzaż.
Pozostałe elementy strefy tytułu i oznaczenia odpowiedzialności Piotr Roniewicz, Gerard Sawicki, Andrzej Wierzbowski.
Oznaczenie części/sekcji dzieła 1-2 /
260 ## - STREFA ADRESU WYDAWNICZEGO
Miejsce wydania Warszawa :
Nazwa wydawcy/dystrybutora [s.n.],
Data publikacji, dystrybucji/powstania dokumentu 1995.
856 ## - LOKALIZACJA I DOSTĘP DO ELEKTRONICZNYCH DOKUMENTÓW ZDALNYCH
Link (URL) http://koha.tu.koszalin.pl/cgi-bin/koha/opac-detail.pl?biblionumber=50108
Tekst linku Katalog online BPK
942 ## - DODATKOWE ELEMENTY (KOHA)
Typ dokumentu Kaseta wideo
Egzemplarze
Wycofany Status egzemplarza Uszkodzony Dostępność Lokalizacja stała Lokalizacja bieżąca Miejsce przechowywania Sygnatura Kod kreskowy Typ dokumentu
      Dostępny Biblioteka Politechniki Koszalińskiej Biblioteka Politechniki Koszalińskiej Wypożyczalnia BG TW 969 02260563 Kaseta wideo
      Dostępny Biblioteka Politechniki Koszalińskiej Biblioteka Politechniki Koszalińskiej Wypożyczalnia BG TW 970 02260556 Kaseta wideo
© 2023 Biblioteka Politechniki Koszalińskiej :: KOHA